Statystyki dla TABELA EKSTRAKLASY 2021/22

Kliknij tutaj aby rozwiązać quiz!

Ogólne statystyki

  • Ten quiz został rozwiązany 51 razy
  • Średni wynik to 12 z 18

Statystyki odpowiedzi

Lp.DrużynaPKT.% Poprawnych
1.Lech Poznań74
100%
2.Raków Częstochowa69
98%
3.Pogoń Szczecin65
89%
4.Lechia Gdańsk57
82%
17.Wisła Kraków31
70%
6.Wisła Płock48
70%
5.Piast Gliwice54
68%
10.Legia Warszawa43
66%
11.Warta Poznań42
66%
8.Górnik Zabrze47
61%
12.Jagiellonia Białystok40
61%
7.Radomiak Radom48
61%
14.Stal Mielec37
61%
16.Termalica32
61%
13.Zagłębie Lubin38
61%
9.Cracovia46
59%
15.Śląsk Wrocław35
57%
18.Górnik Łęczna28
52%

Rozkład punktacji

Percentyl według liczby udzielonych odpowiedzi

Procent ludzi z każdym wynikiem

Twoja historia wyników

Nie rozwiązałeś tego quizu